Informatikai rendszerek optimális üzemeltetése és javítása

Bibliográfiai részletek
Szerző: Szele Szilveszter
További közreműködők: Nemes Teréz
Dokumentumtípus: Diplomadolgozat
Kulcsszavak:ITIL
Informatikai szolgáltatások menedzsmentje
Beruházás értékelése
Online Access:http://dolgozattar.uni-bge.hu/15918

MARC

LEADER 00000nta a2200000 i 4500
001 dolg15918
005 20200320093706.0
008 180515suuuu hu om 000 hun d
040 |a BGE Dolgozattár Repozitórium  |b hun 
041 |a hu 
100 1 |a Szele Szilveszter 
245 1 0 |a Informatikai rendszerek optimális üzemeltetése és javítása  |c Szele Szilveszter  |h [elektronikus dokumentum] 
695 |a ITIL 
695 |a Informatikai szolgáltatások menedzsmentje 
695 |a Beruházás értékelése 
700 1 |a Nemes Teréz  |e ths 
856 4 0 |u http://dolgozattar.uni-bge.hu/15918/1/Szakdolgozat_i4gssd_nyilatkozattal.pdf  |z Dokumentum-elérés